Compliance : ¿Por qué? y ¿para qué? Claves para su gestión.
Salvato in:
| Autore principale: | |
|---|---|
| Altri autori: | |
| Natura: | Sconosciuto |
| Pubblicazione: |
Santiago, Chile:
Thomson Reuters,
2024.
|
| Edizione: | Tercera edición actualizada. |
| Soggetti: | |
| Tags: |
Aggiungi Tag
Nessun Tag, puoi essere il primo ad aggiungerne!!
|
MARC
| LEADER | 00000 a2200000 4500 | ||
|---|---|---|---|
| 003 | CL-VaPUC | ||
| 005 | 20241220120443.0 | ||
| 008 | 241220t2024 ||||| |||| 00| 0 eng d | ||
| 999 | |c 446346 |d 446344 | ||
| 020 | |a 978-956-400-584-3 | ||
| 040 | |c Pontificia Universidad Católica de Valparaíso | ||
| 082 | 7 | |a 345.04 VEL 2024 |2 22 | |
| 100 | |a Véliz Möller, Patricio |9 254772 |e autor | ||
| 245 | |a Compliance : |b ¿Por qué? y ¿para qué? Claves para su gestión. | ||
| 250 | |a Tercera edición actualizada. | ||
| 260 | |a Santiago, Chile: |b Thomson Reuters, |c 2024. | ||
| 300 | |a XV, 273 páginas. | ||
| 500 | |a Incluye análisis e impacto de la Ley de Delitos Económicos y Atentados contra el Medio Ambiente. Situación actual de la responsabilidad penal de las personas jurídicas y modelos de prevención de delitos. Panorama local y normativa global relevante. | ||
| 583 | |k GC |c 20241220 | ||
| 650 | |a Derecho penal |x Prevención del delito |z América Latina, Chile y Estados Unidos |9 894992 | ||
| 650 | |a Negocios |x Responsabilidad penal |x Derecho comparado |9 894993 | ||
| 650 | |a Empresas |x Estándares de compliance |x Aspectos éticos y jurídicos |z América Latina, Chile y Estados Unidos |9 894994 | ||
| 700 | |a Bitran Hasson, Yoab |9 737742 |e autor | ||
| 942 | |2 ddc |c BK | ||
| 952 | |0 0 |1 0 |2 ddc |4 0 |6 345_040000000000000_VEL_2024 |7 0 |8 A |9 598776 |a BIBDER |b BIBDER |d 2024-12-19 |e 31 |g 0.00 |i 5663722 |l 1 |m 2 |o 345.04 VEL 2024 |p 5663722 |r 2025-04-16 |s 2025-04-02 |t 1 |v 0.00 |w 2024-12-19 |y BK |k DER | ||